000 00739nam a2200229 i 4500
001 54373
003 ES-MaACL
005 20250828144029.0
007 t|
008 031210s1998 ag ||||1| spa d
020 _a950-23-0851-4
080 _a316 Durkheim, Emile
245 0 3 _aLa crisis del lazo social
_b: (Durkheim, cien años después) /
_cEmilio de Ipola, compilador.
260 _aBuenos Aires :
_bEudeba,
_c1998.
300 _a110 p. ;
_c23 cm.
490 1 _aEstudios de sociología
600 1 4 _aDurkheim, Émile,
_d1858-1917-
_xCrítica e interpretación
_946303
700 1 _aIpola, Emilio de.
_965393
830 0 _aEstudios de sociología
_9182505
852 _aES-MaACL
_jL-26718
_bR.131225
999 _c54373
_d54373